| 000 | 00411nam a22001217a 4500 | ||
|---|---|---|---|
| 082 | _a200 THE | ||
| 100 |
_aMOHSIN MANZOOR _915673 |
||
| 245 | _aTH-SOF-1276-Robot Motion Planning in Dynamic Pedestrian Environment Using POMDP Based Techniques | ||
| 260 |
_aIslamabad _bNUST College of EME _c2016 |
||
| 650 |
_a MS-MTS-74 MSTHESIS _970045 |
||
| 700 |
_aSupervisor Dr. Kunwar Faraz Ahmad Khan _970140 |
||
| 942 | _cCF | ||
| 999 |
_c577171 _d577171 |
||